Normal view
MARC view
Entry Personal Name
001 - CONTROL NUMBER
- control field: 72016
003 - CONTROL NUMBER IDENTIFIER
- control field: dpl
005 - DATE AND TIME OF LATEST TRANSACTION
- control field: 20240926123453.0
008 - FIXED-LENGTH DATA ELEMENTS
- fixed length control field: 240926|| aca||aabn | a|a d
040 ## - CATALOGING SOURCE
- Original cataloging agency: dpl
- Transcribing agency: dpl
100 ## - HEADING--PERSONAL NAME
- Personal name: पाठक, दिनेश
670 ## - SOURCE DATA FOUND
- Source citation: Work cat.: (dpl)205921: पाठक, दिनेश , विविध स्वरों की गूंज/, 2021
